Name every Formula One podium winner in the 21st century - Statistics

General Stats
  • This quiz has been taken 39 times
  • The average score is 33 of 45
Answer Stats
Wins: 2 places: 3 places: Driver Nationality % Correct
105 57 40 Lewis Hamilton Great Britian
100%
47 19 6 Michael Schumacher Germany
100%
6 3 9 Ralf Schumacher Germany
100%
8 15 20 Charles Leclerc Monaco
97%
32 40 34 Fernando Alonso Spain
97%
21 37 45 Kimi Raikkonen Finland
97%
63 32 17 Max Verstappen Netherlands
97%
23 25 9 Nico Rosberg Germany
97%
8 6 18 Daniel Ricciardo Australia
95%
6 17 16 Sergio Perez Mexico
95%
4 13 9 Lando Norris Great Britian
92%
9 16 17 Mark Webber Australia
92%
53 36 33 Sebastian Vettel Germany
92%
4 7 16 Carlos Sainz Spain
89%
1 1 3 Pierre Gasly France
89%
10 29 28 Valtteri Bottas Finland
89%
15 15 20 Jenson Button Great Britian
86%
2 0 1 Mikka Hakkinen Finland
86%
11 13 17 Felipe Massa Brazil
84%
0 0 3 Lance Stroll Canada
84%
2 5 3 Oscar Piastri Australia
84%
0 0 2 Alexander Albon Thailand
81%
1 2 1 Esteban Ocon France
81%
1 5 6 Robert Kubica Poland
81%
3 2 10 George Russell Great Britian
78%
7 15 8 Juan Pablo Montoya Colombia
78%
0 1 2 Danill Kvyat Russia
76%
0 0 2 Jacques Villeneuve Canada
76%
1 0 0 Pastor Maldonado Venezuela
73%
10 23 20 Rubens Barichello Brazil
70%
3 2 6 Giancarlo Fisichella Italy
68%
0 1 0 Kevin Magnussen Dennmark
68%
1 2 5 Heikki Kovalainen Finland
65%
1 3 6 Jarno Trulli Italy
65%
4 5 12 David Coulthard Great Britian
62%
0 8 5 Nick Heidfeld Germany
62%
0 2 8 Romain Grosjean France
62%
0 0 1 Kamui Kobayashi Japan
49%
0 1 0 Pedro de la Rosa Spain
49%
0 0 1 Heinz Harald-Frentzen Germany
43%
0 0 2 Eddie Irvine Great Britian
38%
0 2 1 Timo Glock Germany
30%
0 0 2 Alexander Wurz Austria
24%
0 0 1 Tiago Monteiro Portugal
22%
0 0 1 Witalij Pietrow Russia
3%
No matching quizzes found
Score Distribution
Percent of People with Each Score
Percentile by Number Answered
Your Score History
You have not taken this quiz